Семантичний аналіз англійських фразеологізмів, що пов’язані з поняттям дружби (Запис № 283967)

МАРК-запис
000 -LEADER
fixed length control field 01919nam a22001577a 4500
041 ## - LANGUAGE CODE
Language code of text/sound track or separate title ukr
080 ## - UNIVERSAL DECIMAL CLASSIFICATION NUMBER
Universal Decimal Classification number 09
090 ## - LOCALLY ASSIGNED LC-TYPE CALL NUMBER (OCLC); LOCAL CALL NUMBER (OCLC)
Local cutter number (OCLC) ; Book number/undivided call number, CALL (RLIN) НАІ
100 ## - MAIN ENTRY--PERSONAL NAME
Personal name Новак А.І.
245 ## - TITLE STATEMENT
Title Семантичний аналіз англійських фразеологізмів, що пов’язані з поняттям дружби
260 ## - PUBLICATION, DISTRIBUTION, ETC. (IMPRINT)
Place of publication, distribution, etc Острог
Name of publisher, distributor, etc КАФ
Date of publication, distribution, etc 2007
300 ## - PHYSICAL DESCRIPTION
Extent 58
520 ## - SUMMARY, ETC.
Summary, etc ВСТУП.<br/>РОЗДІЛ 1. ФРАЗЕОЛОГІЯ ТА ЇЇ ОСНОВНІ КАТЕГОРІЇ.<br/>1.1. Означення ФО та види її інваріативності.<br/>1.2. Смислова структура фразеологізму та слова.<br/>1.3. Основні структурно семантичні класи та структурні типи ФО.<br/>1.4. ФО і контекст. місце фразеології у словниковому складі англійської мови.<br/>РОЗДІЛ 2. СЕМАНТИЧНИЙ АНАЛІЗ ФО, ЩО ПОВ’ЯЗАНІ З ПОНЯТТЯМ ДРУЖБИ.<br/>2.1. Означення поняття "дружба" та його значення.<br/>2.2. Аналіз ФО, що визначають дружбу як скарб.<br/>2.3. Аналіз ФО, семантикою яких є розлука з другом чи його втрата.<br/>2.4. Аналіз ФО, значенням яких є дружба і корисливість.<br/>2.5. Аналіз ФО, що функціонують на позначення щирої дружби.<br/>2.6. Аналіз ФО, семантикою яких є фальшиві друзі.<br/>2.7. Аналіз ФО, що зазначають негативні сторони дружби.<br/>2.8. Аналіз ФО, значенням яких є дружба і перешкоди.<br/>ВИСНОВКИ.
-- Семантичний аналіз, фразеологізми.
650 ## - SUBJECT ADDED ENTRY--TOPICAL TERM
Topical term or geographic name as entry element Research Papers
942 ## - ADDED ENTRY ELEMENTS (KOHA)
Koha item type Книги
Фонди
Withdrawn status Lost status Source of classification or shelving scheme Damaged status Not for loan Home library Current library Date acquired Source of acquisition Cost, normal purchase price Total Checkouts Full call number Barcode Date last seen Price effective from Koha item type
    Universal Decimal Classification     ВІЛ - Відділ іноземн. літератури НБ ВІЛ - Відділ іноземн. літератури НБ 16/04/2009 Акт №1 1.00   09 213683 15/12/2021 16/04/2009 Книги